00617 2200229 4500001002100000005001500021035002000036007000300056008004100059020002200100082001500122084002100137100001900158245007400177250001000251260002900261300003100290650002000321700002200341990001200363990001200375INLIS00000000000147120180207033510 a0010-0218000066ta180207 g 0 ind  a978-979-19163-4-9 a899. 221 3 a899. 221 3 ZAY n0 aZAYNUR, Ridwan1 aNovus Ordo Seclorum /cZaynur Ridwan; penyunting, M. Nurkholis Ridwan acet.5 a2014 :bSalsabila,c2014 a380 hlm. :bilus. ;c21 cm aFIKSI INDONESIA0 aNURKHOLIS, Ridwan a16545 a a16545 b